Różnorodne pytania geograficzne - Statystyki

Ogólne statystyki
  • Ten quiz został rozwiązany 19 razy
  • Średni wynik to 9 z 15
Statystyki odpowiedzi
Zagadnienie Odpowiedź % Poprawnych
Z kim POLSKA ma najdłuższą granice : Czechy
100%
Państwo w którym najciężej spotkać sąsiada : Mongolia
87%
Najbiedniejsze państwo w EUROPIE Mołdawia
73%
Czy Francja graniczy z Surinamem Tak
73%
Jedyna taka wyspa w południowo wschodniej Azji na której są 3 państwa : Borneo
67%
Najwyższa góra w USA : Denali
67%
Stan USA w który mieszka najwięcej Polaków : Illinois
60%
Poprzednia stolica BRAZYLII : Rio de Janeiro
60%
Amazonka jest najszerszą rzeką świata,a jaka jest na 2 miejscu ? : Rzeka Kongo
53%
Z iloma państwami graniczy ROSJA : 14
47%
Nauru jest : Na południe od równika
47%
Ile około mieszkańców ma Paryż : 2 mln
40%
Najbiedniejszy kraj 2024 roku : Somalia
33%
Najgłębsze jezioro AFRYKI : Tanganika
33%
Ile około wysp ma Indonezja ? Więcej niż 17 000
20%
Nie znaleziono quizów pasujących do podanych kryteriów
Rozkład punktacji
Procent ludzi z każdym wynikiem
Percentyl według liczby udzielonych odpowiedzi
Twoja historia wyników
Nie rozwiązałeś tego quizu